Statystyki dla 1 z 10

Kliknij tutaj aby rozwiązać quiz!

Ogólne statystyki

  • Ten quiz został rozwiązany 147 razy
    (125 od ostatniego zresetowania)
  • Średni wynik to 15 z 40

Statystyki odpowiedzi

HintOdpowiedź% Poprawnych
1.Ile wynosi 10 do potęgi 2?100
99%
4.Jaka jest suma 1 i 10?11
95%
3.Jak nazywa się największa planeta w Układzie Słonecznym?Jowisz
94%
2.Które zwierzę jest symbolem Australii?Kangur
93%
7.Czy owoce bzu czarnego są jadalne?Tak
89%
6.Ile punktów zdobywa się za celny rzut osobisty do kosza z linii rzutów wolnych?1
86%
12.Z ilu kolorów składa się flaga Wielkiej Brytanii?3
82%
10.Jeżeli samochód przejeżdża 1 km w minutę, to w ile sekund przejeżdża 100 m?6
73%
9.Z którego państwa pochodzą produkcje filmowe określane mianem "Bollywoodzkich"?Indie
69%
11.Wolin to wyspa przybrzeżna, na którym morzu?Bałtyckim
68%
21.Które państwo skandynawskie graniczy z Rosją, Szwecją i Finlandią?Norwegia
64%
16.Jaką część ciała odciął sobie Vincent van Gogh?Ucho
56%
23.Harlem i Bronx to dzielnice którego miasta?Nowy Jork
50%
19.Które ptaki roznoszą pocztę w świecie Harry'ego Pottera?Sowy
47%
27.Które góry są najwyższe w Europie?Alpy
43%
20.W którym województwie leży Kołobrzeg?zachodniopomorskim
43%
30.Jak się nazywa pierwszy przypadek w polskiej deklinacji?Mianownik
39%
35.Według powiedzenia do kiedy rana się zagoi?Do wesela
38%
36.Jaki kolor ma kawior ryb jesiotrowatych?Czarny
36%
37.Gros - ile to jest tuzinów?12
32%
34.Ile szczytów górskich ma wysokość większą niż 8 tys. m n.p.m.?14
30%
39.Ile koni było w gospodarstwie pana Jonesa w książce George'a Orwella "Folwark zwierzęcy"?3
29%
22.Która duża europejska wyspa jest nazywana szmaragdową lub zielonąIrlandia
27%
8.Jak potocznie nazywany jest mniszek lekarski?Dmuchawiec
26%
24.Jak nazywa się najdłuższa rzeka Francji?Loara
21%
32.Jak nazywa się grupa języków, do której należą węgierski i fiński?Ugrofiński
18%
14.Jak miał na imię Stary Boryna z "Chłopów" Władysława Reymonta?Maciej
16%
29.Morze Liguryjskie jest częścią którego większego akwenu?Morza Śródziemnego
11%
13.Na którym kontynencie mieszkali Inkowie?W Ameryce Południowej
11%
5.Jaki jest pierwiastek kwadratowy z 10?3,162
10%
17.Jak się nazywał rosyjski chemik, twórca układu okresowego pierwiastków?Dmitrij Mendelejew
8%
28.Z którego kontynentu pochodzi drzewo moreli?Z Azji
7%
38.W którym księstwie można spacerować aleją księżnej Grace?W Monako
6%
25.Częścią którego oceanu jest Morze Hebrydzkie?Oceanu Atlantyckiego
5%
18.Która roślina jest symbolem Szkocji?Oset
5%
40.Jak brzmi łacińska nazwa Orderu Odrodzenia Polski?Polonia Restituta
5%
26.W którym polskim parku narodowym leży Morskie Oko?Tatrzańskim Parku Narodowym
4%
31.W ruinach, którego starożytnego miasta znaleziono w 1901 r. stelę z tekstem Kodeksu Hammurabiego?Suzy
3%
15.Z czym samochodowy gaźnik miesza paliwo?Z Ropą
1%
33.Czyim nazwiskiem zostały nazwane polskie powstanie narodowe i najwyższy szczyt Australii?Tadeuszem Kościuszki
0%

Rozkład punktacji

Percentyl według liczby udzielonych odpowiedzi

Procent ludzi z każdym wynikiem

Twoja historia wyników

Nie rozwiązałeś tego quizu od ostatniego zresetowania